| 000 | 01808nam0a2200361 i 4500 | ||
|---|---|---|---|
| 001 | RU\NLR\bibl\2018173 | ||
| 005 | 20260406064449.0 | ||
| 010 |
_a9785912188213 _97000 |
||
| 021 |
_aRU _b2013-19081 _91336 |
||
| 035 | _a(NLR Aleph) 002006533 | ||
| 090 |
_a4429450 _c4429450 |
||
| 100 | _a20130401d2013 u y0rusy50 ca | ||
| 101 | 0 | _arus | |
| 102 | _aRU | ||
| 105 | _aa ||||||||| | ||
| 200 | 1 |
_aРусский язык _eучебник для 7 класса общеобразовательных учреждений _eсоответствует Федеральному государственному образовательному стандарту _f[Е.А. Быстрова, Ю.Н. Гостева, Л.В. Кибирева, Т.М. Воителева] _gпод ред. акад. Рос. акад. образования Е.А. Быстровой |
|
| 210 |
_aМосква _cРусское слово _d2013 |
||
| 215 |
_a304 с. _cцв. ил. _d22 |
||
| 225 | 1 | _aФГОС | |
| 225 | 1 | _aИнновационная школа | |
| 300 | _aАвт. указаны на обороте тит. л. | ||
| 606 |
_aРусский язык _jУчебники для средней школы _91533567 _3RU\NLR\auth\66969347 |
||
| 686 | _aШ141.12-922.1[7] | ||
| 701 | 1 |
_4070 _8rus _7ca _aБыстрова _bЕ. А. _cд-р пед. наук _f1930-2011 _gЕлена Александровна _3RU\NLR\AUTH\7723965 _97018 |
|
| 701 | 1 |
_aГостева _bЮ. Н. _gЮлия Николаевна _4070 |
|
| 701 | 1 |
_aКибирева _bЛ. В. _gЛюдмила Валентиновна _4070 |
|
| 701 | 1 |
_aВоителева _bТ. М. _gТатьяна Михайловна _4070 |
|
| 801 | 0 |
_aRU _bNLR _c20130401 _gRCR |
|
| 801 | 1 |
_aRU _bNLR _c20130401 |
|
| 942 | _cBOOK | ||
| 980 | _aNBR | ||